Varapuzha ente athiroopatha(വരാപ്പുഴ എൻെറ അതിരൂപത) (Record no. 114962)

MARC details
000 -LEADER
fixed length control field 00497nam a22001577a 4500
005 - DATE AND TIME OF LATEST TRANSACTION
control field 20260328135524.0
008 - FIXED-LENGTH DATA ELEMENTS--GENERAL INFORMATION
fixed length control field 250408b |||||||| |||| 00| 0 eng d
080 ## - UNIVERSAL DECIMAL CLASSIFICATION NUMBER
Universal Decimal Classification number 27(540.69)=M
Item number JOS/V
100 ## - MAIN ENTRY--PERSONAL NAME
Personal name Joseph Manishad Mattackal
245 ## - TITLE STATEMENT
Title Varapuzha ente athiroopatha(വരാപ്പുഴ എൻെറ അതിരൂപത)
250 ## - EDITION STATEMENT
Edition statement 2nd
260 ## - PUBLICATION, DISTRIBUTION, ETC. (IMPRINT)
Place of publication, distribution, etc Kongorpilly.
Name of publisher, distributor, etc Print House.
Date of publication, distribution, etc 2024.
300 ## - PHYSICAL DESCRIPTION
Extent xvi,288p.
653 ## - INDEX TERM--UNCONTROLLED
Uncontrolled term History -Archdiocese Varapuzha-Christianity
942 ## - ADDED ENTRY ELEMENTS (KOHA)
item type Under processing
Holdings
Lost status Source of classification or shelving scheme Not for loan Home library Current library Shelving location Date acquired Total Checkouts Full call number Barcode Date last seen Cost, replacement price Price effective from Koha item type
  Universal Decimal Classification Not For Loan University Library University Library On Display 07/04/2025   27(540.69)=M JOS/V G0011506 08/04/2025 340.00 08/04/2025 Books
University Library, CUSAT